| 000 | 00496nam a22001577a 4500 | ||
|---|---|---|---|
| 005 | 20231120095921.0 | ||
| 008 | 231120b |||||||| |||| 00| 0 eng d | ||
| 041 | _aEnglish | ||
| 082 | _a343.4 JUT | ||
| 100 | _lEnglish | ||
| 245 |
_aSouth African Tax Cases / _cedited by NO, Thompson, J Cavvadas and G Goncalves |
||
| 260 |
_aCape Town : _bJuta and Company Ltd, _c1986 |
||
| 300 |
_bvi, 27 pages ; _c27 cm. |
||
| 650 |
_aLegal practice _bLaw |
||
| 942 |
_cBK _6ALISON_BN_VRIES |
||
| 999 |
_c792 _d792 |
||